[Event "CAN-op"]
[Site "Edmonton CAN"]
[Date "2005.07.10"]
[Round "3"]
[White "Walker, Adrian1"]
[Black "Laboucane, Randy"]
[Result "1/2-1/2"]
[WhiteElo "1559"]
[BlackElo "1626"]
[PlyCount "71"]
[GameId "2160767910901481"]
[EventDate "2005.07.09"]
[EventType "swiss"]
[EventRounds "10"]
[EventCountry "CAN"]
[SourceTitle "CBM 107 Extra"]
[Source "ChessBase"]
[SourceDate "2005.09.01"]
[SourceVersion "1"]
[SourceVersionDate "2005.09.01"]
[SourceQuality "1"]

1. e4 c5 2. Nf3 d6 3. d4 cxd4 4. Nxd4 Nf6 5. Nc3 a6 6. Be2 e6 7. O-O Be7 8. a4 b6 9. Be3 Qc7 10. Bf3 Bb7 11. e5 dxe5 12. Bxb7 Qxb7 13. Qf3 Qxf3 14. Nxf3 Nbd7 15. Rfe1 Nd5 16. Bd2 Nxc3 17. Bxc3 f6 18. Nd2 Rc8 19. f4 O-O 20. fxe5 Nxe5 21. Bxe5 fxe5 22. c3 Bc5+ 23. Kh1 Rf2 24. Nc4 Rd8 25. b4 Be7 26. Kg1 Rc2 27. Rec1 Rxc1+ 28. Rxc1 b5 29. axb5 axb5 30. Nxe5 Bf6 31. Ng4 Rc8 32. Nxf6+ gxf6 33. Kf2 f5 34. Ke3 Kf7 35. Kd4 Rc4+ 36. Kd3 1/2-1/2

[Event "CAN-op"]
[Site "Edmonton CAN"]
[Date "2005.07.10"]
[Round "3"]
[White "Wilson, Jonathan"]
[Black "Pradzinski, Alex"]
[Result "1-0"]
[WhiteElo "2293"]
[BlackElo "1236"]
[PlyCount "73"]
[GameId "2160767910901482"]
[EventDate "2005.07.09"]
[EventType "swiss"]
[EventRounds "10"]
[EventCountry "CAN"]
[SourceTitle "CBM 107 Extra"]
[Source "ChessBase"]
[SourceDate "2005.09.01"]
[SourceVersion "1"]
[SourceVersionDate "2005.09.01"]
[SourceQuality "1"]

1. e4 e5 2. Nf3 Nc6 3. Bb5 d6 4. c3 Nf6 5. O-O Bg4 6. h3 Bxf3 7. Qxf3 d5 8. exd5 Qxd5 9. Qxd5 Nxd5 10. Re1 Bd6 11. d4 O-O 12. Bxc6 bxc6 13. dxe5 Rfe8 14. Nd2 f6 15. Nc4 Bxe5 16. Nxe5 fxe5 17. Bg5 Rab8 18. c4 Nb4 19. Re2 h6 20. Bh4 g5 21. Bg3 e4 22. Bxc7 Rbc8 23. Bd6 Rcd8 24. Bxb4 Rd3 25. Rd2 Red8 26. Rad1 h5 27. Rxd3 exd3 28. f3 Rd4 29. b3 g4 30. hxg4 hxg4 31. fxg4 Rxg4 32. Rxd3 Kf7 33. Rd7+ Ke6 34. Rxa7 Rg5 35. Rc7 Kf5 36. Rxc6 Kf4 37. Bd2+ 1-0

[Event "CAN-op"]
[Site "Edmonton CAN"]
[Date "2005.07.10"]
[Round "3"]
[White "Yoos, John"]
[Black "Ingram, Richard"]
[Result "1-0"]
[WhiteElo "2442"]
[BlackElo "2056"]
[PlyCount "41"]
[GameId "2160767910901483"]
[EventDate "2005.07.09"]
[EventType "swiss"]
[EventRounds "10"]
[EventCountry "CAN"]
[SourceTitle "CBM 107 Extra"]
[Source "ChessBase"]
[SourceDate "2005.09.01"]
[SourceVersion "1"]
[SourceVersionDate "2005.09.01"]
[SourceQuality "1"]

1. e4 c5 2. Nf3 Nc6 3. d4 cxd4 4. Nxd4 Nf6 5. Nc3 e5 6. Ndb5 d6 7. Bg5 a6 8. Na3 b5 9. Bxf6 gxf6 10. Nd5 f5 11. Bd3 Be6 12. Qh5 Bg7 13. O-O Ra7 14. c3 h6 15. f4 Bxd5 16. exd5 Qb6+ 17. Kh1 e4 18. dxc6 exd3 19. Rae1+ Re7 20. Qxf5 d2 21. Qd7+ 1-0

[Event "CAN-op"]
[Site "Edmonton CAN"]
[Date "2005.07.10"]
[Round "3.4"]
[White "Moiseenko, Alexander"]
[Black "Pechenkin, Vladimir"]
[Result "1-0"]
[WhiteElo "2652"]
[BlackElo "2263"]
[PlyCount "71"]
[GameId "2160767910901484"]
[EventDate "2005.07.09"]
[EventType "swiss"]
[EventRounds "10"]
[EventCountry "CAN"]

1. d4 Nf6 2. c4 d6 3. Nc3 e5 4. Nf3 Nbd7 5. Bg5 Be7 6. e3 O-O 7. Qc2 c6 8. Be2 Ne8 9. Bxe7 Qxe7 10. O-O f5 11. b4 e4 12. Nd2 Ndf6 13. a4 Kh8 14. a5 g5 15. d5 Nc7 16. dxc6 bxc6 17. b5 cxb5 18. cxb5 Rb8 19. Rfb1 Ne6 20. Qb2 Bb7 21. b6 Ba8 22. Bc4 Ng7 23. Qa3 axb6 24. Rxb6 Rbd8 25. Nb5 Rfe8 26. a6 f4 27. a7 Qe5 28. Rb8 fxe3 29. Rxd8 exf2+ 30. Kh1 e3 31. Rxa8 exd2 32. Bf1 Qe1 33. Rxe8+ Ngxe8 34. a8=Q d1=Q 35. Rxd1 Qxd1 36. Qa1 1-0

[Event "CAN-op"]
[Site "Edmonton CAN"]
[Date "2005.07.10"]
[Round "3.10"]
[White "Tyomkin, Dimitri"]
[Black "Davies, Lucas"]
[Result "1-0"]
[WhiteElo "2549"]
[BlackElo "2165"]
[PlyCount "61"]
[GameId "2160767910901485"]
[EventDate "2005.07.09"]
[EventType "swiss"]
[EventRounds "10"]
[EventCountry "CAN"]

1. e4 c6 2. d4 d5 3. e5 Bf5 4. Be3 e6 5. Nd2 Qb6 6. Nb3 Nd7 7. Be2 Rc8 8. Nf3 Bg4 9. O-O Ne7 10. c4 Qc7 11. Rc1 dxc4 12. Bxc4 Nb6 13. Be2 Ned5 14. Ng5 Bxe2 15. Qxe2 Be7 16. Ne4 O-O 17. Bd2 Nd7 18. Rfe1 Qb8 19. Qg4 Kh8 20. Bg5 b6 21. Bxe7 Nxe7 22. Ng5 Nf5 23. Qe4 h6 24. g4 hxg5 25. gxf5 c5 26. Rc3 Rfe8 27. Qg4 cxd4 28. Rh3+ Kg8 29. Qh5 f6 30. Nxd4 Nxe5 31. Nxe6 1-0

[Event "CAN-op"]
[Site "Edmonton CAN"]
[Date "2005.07.10"]
[Round "3.11"]
[White "Li, Zhichao"]
[Black "Bluvshtein, Mark"]
[Result "0-1"]
[WhiteElo "2238"]
[BlackElo "2529"]
[PlyCount "112"]
[GameId "2160767910901486"]
[EventDate "2005.07.09"]
[EventType "swiss"]
[EventRounds "10"]
[EventCountry "CAN"]

1. d4 Nf6 2. Nf3 e6 3. c3 c5 4. Bf4 Nc6 5. e3 d5 6. Nbd2 Bd6 7. Bxd6 Qxd6 8. Bd3 O-O 9. O-O e5 10. dxe5 Nxe5 11. Nxe5 Qxe5 12. Qf3 b6 13. Rfe1 Re8 14. Qg3 Qxg3 15. hxg3 Bb7 16. b4 Rac8 17. Rec1 Kf8 18. a4 Ne4 19. Nxe4 dxe4 20. Be2 Red8 21. Kf1 Bd5 22. Ke1 Bb3 23. Ra3 c4 24. a5 b5 25. Bd1 Bxd1 26. Rxd1 Rd3 27. Ke2 Rcd8 28. Raa1 Ke7 29. Rac1 Ke6 30. Ke1 a6 31. Ke2 R8d5 32. Ke1 h5 33. Ke2 Kf5 34. Ke1 Kg4 35. Ke2 g5 36. Ke1 f6 37. Ke2 f5 38. Rxd3 exd3+ 39. Kd2 Re5 40. Rh1 f4 41. gxf4 gxf4 42. f3+ Kg3 43. exf4 Kxf4 44. g4 hxg4 45. fxg4 Re2+ 46. Kd1 Rc2 47. Rh6 Rxc3 48. Rxa6 Ra3 49. Rd6 Ke3 50. Re6+ Kd4 51. Ke1 Ra1+ 52. Kf2 d2 53. Rd6+ Kc3 54. a6 d1=Q 55. Rxd1 Rxd1 56. a7 Ra1 0-1

[Event "CAN-op"]
[Site "Edmonton CAN"]
[Date "2005.07.10"]
[Round "3.14"]
[White "Krush, Irina"]
[Black "Gulati, Justin"]
[Result "1-0"]
[WhiteElo "2444"]
[BlackElo "2122"]
[PlyCount "71"]
[GameId "2160767910901488"]
[EventDate "2005.07.09"]
[EventType "swiss"]
[EventRounds "10"]
[EventCountry "CAN"]

1. d4 Nf6 2. c4 g6 3. Nc3 Bg7 4. e4 O-O 5. Nf3 d6 6. Be2 e5 7. O-O Nc6 8. d5 Ne7 9. Ne1 Nd7 10. Nd3 f5 11. Bd2 Nf6 12. f3 f4 13. c5 g5 14. cxd6 cxd6 15. Nf2 h5 16. h3 Rf7 17. Qc2 Ng6 18. Rfc1 a6 19. a4 g4 20. fxg4 hxg4 21. hxg4 Nh7 22. Ra3 Qh4 23. Ncd1 Ng5 24. Nh3 Bxg4 25. Bxg4 Qxg4 26. Ndf2 Nxh3+ 27. Rxh3 Qg5 28. Qd1 Qd8 29. Qh5 Nf8 30. Ng4 b5 31. a5 Raa7 32. Bb4 Rac7 33. Rxc7 Qxc7 34. Qg5 Nh7 35. Qg6 Nf6 36. Nh6+ 1-0

[Event "CAN-op"]
[Site "Edmonton CAN"]
[Date "2005.07.10"]
[Round "3.15"]
[White "Henson, Joshua"]
[Black "Venkatesh, Marani Rajendran"]
[Result "1/2-1/2"]
[WhiteElo "2221"]
[BlackElo "2475"]
[PlyCount "83"]
[GameId "2160767910901489"]
[EventDate "2005.07.09"]
[EventType "swiss"]
[EventRounds "10"]
[EventCountry "CAN"]

1. e4 c5 2. Nf3 Nc6 3. d4 cxd4 4. Nxd4 Nf6 5. Nc3 d6 6. Bg5 e6 7. Qd2 a6 8. O-O-O Bd7 9. f4 b5 10. Bxf6 gxf6 11. Qe1 Nxd4 12. Rxd4 Qb6 13. Rd1 b4 14. Nb1 Bh6 15. g3 e5 16. Nd2 Be6 17. Bc4 Rc8 18. Bxe6 fxe6 19. Qe2 Qc7 20. Kb1 Qxc2+ 21. Ka1 Ke7 22. Qxa6 Rhd8 23. Qb7+ Rd7 24. Qxb4 exf4 25. g4 Qc6 26. Nb3 Rb7 27. Qd4 Qa6 28. Qd3 Qb6 29. e5 Kf8 30. exf6 Bg5 31. Qe4 Kf7 32. Rxd6 Qxd6 33. Qxb7+ Rc7 34. Qe4 Bxf6 35. Qxh7+ Kf8 36. Qe4 Ra7 37. Qc2 Qa6 38. Nc1 f3 39. h4 Rb7 40. Nb3 Ra7 41. Nc1 Rb7 42. Nb3 1/2-1/2

[Event "CAN-op"]
[Site "Edmonton CAN"]
[Date "2005.07.10"]
[Round "3.23"]
[White "Nguyen, Kim"]
[Black "Reeve, Jeff"]
[Result "0-1"]
[WhiteElo "2060"]
[BlackElo "2364"]
[PlyCount "84"]
[GameId "2160767910901493"]
[EventDate "2005.07.09"]
[EventType "swiss"]
[EventRounds "10"]
[EventCountry "CAN"]

1. e4 c5 2. Nf3 Nc6 3. d4 cxd4 4. Nxd4 Nf6 5. Nc3 e5 6. Ndb5 d6 7. Bg5 a6 8. Na3 b5 9. Bxf6 gxf6 10. Nd5 f5 11. c3 Bg7 12. exf5 Bxf5 13. Nc2 O-O 14. Nce3 Bg6 15. a4 b4 16. Nxb4 Nxb4 17. cxb4 e4 18. Ra2 f5 19. Bc4+ Kh8 20. Nd5 f4 21. b3 Qg5 22. Kf1 f3 23. g3 Bf7 24. h4 Qe5 25. Kg1 Rae8 26. Kh2 Re6 27. Bxa6 Rh6 28. Bc4 Rxh4+ 29. Kg1 Rxh1+ 30. Kxh1 Be6 31. a5 Bh3 32. Ne3 Qg5 33. Qd5 Be5 34. a6 Qh6 35. Kg1 Bxg3 36. fxg3 f2+ 37. Rxf2 Qxe3 38. Qd2 Qxg3+ 39. Kh1 Qxf2 40. Qc3+ Rf6 41. Qxh3 Qe1+ 42. Kh2 Qf2+ 0-1

[Event "CAN-op"]
[Site "Edmonton CAN"]
[Date "2005.07.10"]
[Round "3.24"]
[White "Jiang, Louie"]
[Black "Sasata, Robert"]
[Result "0-1"]
[WhiteElo "1895"]
[BlackElo "2323"]
[PlyCount "98"]
[GameId "2160767910901494"]
[EventDate "2005.07.09"]
[EventType "swiss"]
[EventRounds "10"]
[EventCountry "CAN"]

1. e4 c5 2. Nf3 d6 3. d4 Nf6 4. Nc3 cxd4 5. Nxd4 g6 6. Be3 Bg7 7. f3 Nc6 8. Qd2 O-O 9. O-O-O Nxd4 10. Bxd4 Be6 11. Nd5 Bxd5 12. exd5 Qd7 13. g4 Rfc8 14. Kb1 Rc7 15. h4 b5 16. h5 b4 17. hxg6 hxg6 18. Be3 Rac8 19. Rc1 Qa4 20. Bh6 Bh8 21. Be3 Nxd5 22. Qxd5 Rxc2 23. Rxh8+ Kxh8 24. Rd1 Kg8 25. Bb5 Rxb2+ 26. Kxb2 Qc2+ 27. Ka1 Qc3+ 28. Kb1 Qc2+ 29. Ka1 Qc3+ 30. Kb1 Qxe3 31. Ba6 Rc3 32. Qa8+ Kg7 33. Rh1 Kf6 34. Qh8+ Ke6 35. Bc8+ Kd5 36. Bb7+ Ke6 37. Bc8+ Kd5 38. Bb7+ Kc5 39. Be4 b3 40. Qc8+ Kd4 41. Rd1+ Ke5 42. Qh8+ Kf4 43. Qh6+ Kg3 44. Qxe3 Rxe3 45. axb3 Rxb3+ 46. Kc2 Rb5 47. Kd3 d5 48. Ke3 dxe4 49. Rg1+ Kh2 0-1

[Event "CAN-op"]
[Site "Edmonton CAN"]
[Date "2005.07.10"]
[Round "3.25"]
[White "Hill, Roderick"]
[Black "Peter, Steven"]
[Result "0-1"]
[WhiteElo "1904"]
[BlackElo "2297"]
[PlyCount "82"]
[GameId "2160767910901495"]
[EventDate "2005.07.09"]
[EventType "swiss"]
[EventRounds "10"]
[EventCountry "CAN"]

1. e4 c5 2. f4 d5 3. exd5 Nf6 4. Bb5+ Bd7 5. Bxd7+ Qxd7 6. c4 e6 7. dxe6 fxe6 8. Nf3 Nc6 9. O-O O-O-O 10. Nc3 Bd6 11. d3 Bc7 12. Be3 Ng4 13. Bxc5 b6 14. Bf2 Nxf2 15. Rxf2 Bxf4 16. Re2 Rhf8 17. Qe1 Qxd3 18. Rxe6 Qxc4 19. Qe2 Qxe2 20. Nxe2 Bd6 21. Rc1 Kd7 22. Re4 Rde8 23. Nc3 Bc5+ 24. Kh1 Rxe4 25. Nxe4 Be3 26. Rd1+ Kc7 27. Re1 Bd4 28. Nxd4 Nxd4 29. Kg1 Kc6 30. Nc3 Rf7 31. Re4 Kc5 32. Ne2 Nxe2+ 33. Rxe2 Kd4 34. Rc2 g5 35. Rc3 b5 36. a3 h5 37. h3 a5 38. g3 Rf5 39. Rc2 b4 40. axb4 axb4 41. b3 Rc5 0-1

[Event "CAN-op"]
[Site "Edmonton CAN"]
[Date "2005.07.10"]
[Round "3.26"]
[White "Wong, Wylon"]
[Black "Swathi, Ghate"]
[Result "0-1"]
[WhiteElo "1894"]
[BlackElo "2281"]
[PlyCount "80"]
[GameId "2160767910901496"]
[EventDate "2005.07.09"]
[EventType "swiss"]
[EventRounds "10"]
[EventCountry "CAN"]

1. d4 e6 2. c4 b6 3. Nc3 Bb7 4. e4 Bb4 5. f3 Bxc3+ 6. bxc3 d6 7. Bd3 Nc6 8. Ne2 Nge7 9. O-O Qd7 10. Ba3 O-O-O 11. Qc2 g5 12. Rfd1 Rhg8 13. c5 dxc5 14. dxc5 Ne5 15. Ba6 Qe8 16. Bxb7+ Kxb7 17. cxb6 axb6 18. Rxd8 Qxd8 19. Rd1 Qe8 20. c4 N7c6 21. c5 Qa8 22. Bc1 Rd8 23. Rxd8 Qxd8 24. cxb6 cxb6 25. Be3 h6 26. Qd2 Qe7 27. Nd4 Nc4 28. Nxc6 Kxc6 29. Qc3 b5 30. a4 Qd6 31. Kf2 Qd1 32. axb5+ Kxb5 33. Bd4 h5 34. Bf6 g4 35. Be7 Qb1 36. fxg4 hxg4 37. Qd4 Qc2+ 38. Kg3 Ka4 39. Kxg4 Qxg2+ 40. Kf4 e5+ 0-1

[Event "CAN-op"]
[Site "Edmonton CAN"]
[Date "2005.07.10"]
[Round "3.28"]
[White "Miller, Brian"]
[Black "Tegzes, Laszlo"]
[Result "1-0"]
[WhiteElo "1870"]
[BlackElo "2109"]
[PlyCount "65"]
[GameId "2160767910901497"]
[EventDate "2005.07.09"]
[EventType "swiss"]
[EventRounds "10"]
[EventCountry "CAN"]

1. d4 Nf6 2. c4 g6 3. Nc3 Bg7 4. e4 d6 5. f3 O-O 6. Nge2 Nc6 7. Be3 a6 8. Rb1 e5 9. d5 Ne7 10. Ng3 Nd7 11. Bd3 f5 12. exf5 Nxf5 13. Nxf5 gxf5 14. O-O Nc5 15. Bc2 Qh4 16. Qe2 Kh8 17. b4 e4 18. Bf2 Qg5 19. Nxe4 Nxe4 20. fxe4 f4 21. Qd2 Be5 22. Bd4 Bh3 23. Rf2 Rg8 24. Rb3 Qh4 25. Kh1 Bxg2+ 26. Rxg2 Rxg2 27. Bxe5+ dxe5 28. Qxg2 Rg8 29. Qe2 f3 30. Rxf3 Qg4 31. Qf2 Qg5 32. Rg3 Qc1+ 33. Kg2 1-0

[Event "CAN-op"]
[Site "Edmonton CAN"]
[Date "2005.07.10"]
[Round "3.29"]
[White "Hendon, Lee"]
[Black "Aird, Ian"]
[Result "0-1"]
[WhiteElo "1544"]
[BlackElo "2070"]
[PlyCount "118"]
[GameId "2160767910901498"]
[EventDate "2005.07.09"]
[EventType "swiss"]
[EventRounds "10"]
[EventCountry "CAN"]

1. e4 e5 2. Nf3 Nc6 3. Bc4 Nf6 4. Ng5 d5 5. exd5 Na5 6. Bb5+ Bd7 7. Qe2 Be7 8. O-O O-O 9. Bxd7 Qxd7 10. d3 Nxd5 11. Qe4 Bxg5 12. Bxg5 Nc6 13. a3 f5 14. Qc4 Kh8 15. Nc3 Nxc3 16. Qxc3 f4 17. f3 Rae8 18. Rfe1 Qd4+ 19. Qxd4 Nxd4 20. Rac1 Nf5 21. g4 fxg3 22. hxg3 Nxg3 23. Kg2 Nh5 24. Re4 h6 25. Bd2 Nf4+ 26. Kh2 Rf5 27. Bxf4 Rxf4 28. Re3 Ref8 29. Rxe5 Rxf3 30. Rg1 R8f7 31. d4 g5 32. c4 Kg7 33. d5 Rd3 34. Rg2 Rd4 35. Rc2 Kg6 36. Re6+ Kg7 37. b4 g4 38. Re5 Kg6 39. Re6+ Kg5 40. Rce2 h5 41. R6e5+ Rf5 42. c5 Rxd5 43. Re7 Rd3 44. Rxc7 Rxa3 45. Rxb7 a5 46. c6 axb4 47. c7 Rc3 48. Re8 Rfc5 49. Rg8+ Kh4 50. Rg7 b3 51. Rb8 Rc2+ 52. Kg1 b2 53. Rf7 Rxc7 54. Rxc7 Rxc7 55. Rxb2 Rc5 56. Kg2 Kg5 57. Rb3 h4 58. Rd3 Rc2+ 59. Kg1 g3 0-1

[Event "CAN-op"]
[Site "Edmonton CAN"]
[Date "2005.07.10"]
[Round "3.30"]
[White "Barclay, Wayne"]
[Black "Hughey, Micah"]
[Result "1-0"]
[WhiteElo "2243"]
[BlackElo "2027"]
[PlyCount "47"]
[GameId "2160767910901499"]
[EventDate "2005.07.09"]
[EventType "swiss"]
[EventRounds "10"]
[EventCountry "CAN"]

1. d4 d5 2. c4 e6 3. Nc3 c5 4. cxd5 exd5 5. Nf3 Nc6 6. g3 Nf6 7. Bg2 cxd4 8. Nxd4 Qb6 9. Nxc6 bxc6 10. O-O Be7 11. e4 dxe4 12. Nxe4 O-O 13. Be3 Qxb2 14. Bd4 Qb5 15. Nxf6+ Bxf6 16. Bxf6 gxf6 17. Rc1 Bb7 18. Rb1 Qa6 19. Qg4+ Kh8 20. Qf5 Rg8 21. Qxf6+ Rg7 22. Rfe1 Rc8 23. Bf1 Qa5 24. Re5 1-0

[Event "CAN-op"]
[Site "Edmonton CAN"]
[Date "2005.07.10"]
[Round "3.32"]
[White "Yuan, Michael"]
[Black "Fokkema, Jerred"]
[Result "1-0"]
[WhiteElo "2119"]
[BlackElo "1773"]
[PlyCount "51"]
[GameId "2160767910901501"]
[EventDate "2005.07.09"]
[EventType "swiss"]
[EventRounds "10"]
[EventCountry "CAN"]

1. e4 c5 2. Nf3 d6 3. d4 cxd4 4. Qxd4 Nc6 5. Bb5 Bd7 6. Bxc6 Bxc6 7. Nc3 e6 8. Bg5 Nf6 9. O-O-O Be7 10. Rhe1 Qc7 11. Qd2 a6 12. Nd4 b5 13. Bxf6 gxf6 14. Nd5 exd5 15. exd5 Bxd5 16. Rxe7+ Qxe7 17. Nf5 Qe5 18. Re1 Qxe1+ 19. Qxe1+ Be6 20. Nxd6+ Ke7 21. Ne4 a5 22. Qc3 f5 23. Qc5+ Kd8 24. Qd6+ Bd7 25. Nc5 Ra7 26. Qf6+ 1-0

[Event "CAN-op"]
[Site "Edmonton CAN"]
[Date "2005.07.10"]
[Round "3.35"]
[White "Sladek, Vaclav"]
[Black "Reuter, Gerhard"]
[Result "1/2-1/2"]
[WhiteElo "2047"]
[BlackElo "1749"]
[PlyCount "74"]
[GameId "2160767910901502"]
[EventDate "2005.07.09"]
[EventType "swiss"]
[EventRounds "10"]
[EventCountry "CAN"]

1. d4 Nf6 2. Bg5 d5 3. e3 Bf5 4. Bd3 Ne4 5. Bf4 Qd7 6. f3 Nd6 7. Ne2 e6 8. O-O Nc6 9. a3 Be7 10. b3 a6 11. c4 Bxd3 12. Qxd3 O-O 13. Nbc3 dxc4 14. bxc4 g5 15. Bg3 f5 16. Rad1 Na5 17. c5 Ndc4 18. Kf2 Nb2 19. Qb1 Nxd1+ 20. Rxd1 b5 21. cxb6 cxb6 22. d5 Bc5 23. Be5 Nc4 24. Bd4 e5 25. Bxc5 bxc5 26. d6 Qe6 27. Qa2 Kf7 28. Rd5 Nxd6 29. Rxd6 Qxa2 30. Nxa2 Rfd8 31. Rc6 Rdc8 32. Rh6 Kg7 33. Re6 Re8 34. Rc6 Rec8 35. Re6 Re8 36. Rc6 Rec8 37. Re6 Re8 1/2-1/2

[Event "CAN-op"]
[Site "Edmonton CAN"]
[Date "2005.07.10"]
[Round "3.36"]
[White "Cashin, Ken"]
[Black "Lane, Travis"]
[Result "0-1"]
[WhiteElo "1761"]
[BlackElo "2037"]
[PlyCount "60"]
[GameId "2160767910901503"]
[EventDate "2005.07.09"]
[EventType "swiss"]
[EventRounds "10"]
[EventCountry "CAN"]

1. e4 c5 2. Nf3 Nc6 3. d4 cxd4 4. Nxd4 Nf6 5. Nc3 e5 6. Nf3 Bb4 7. Bc4 O-O 8. Bg5 Bxc3+ 9. bxc3 Qa5 10. Qd3 Nxe4 11. O-O Nxc3 12. Bd2 d5 13. Ng5 g6 14. Bxc3 dxc4 15. Qxc4 Qd8 16. Ne4 Be6 17. Qc5 f6 18. Rad1 Qe7 19. Qxe7 Nxe7 20. Rd6 Kf7 21. Rfd1 Nf5 22. R6d3 Rfc8 23. g4 Ne7 24. Nd6+ Kg7 25. Nxc8 Rxc8 26. h3 Nd5 27. Be1 Nf4 28. Rc3 Ne2+ 29. Kf1 Nxc3 30. Rd6 Kf7 0-1

[Event "CAN-op"]
[Site "Edmonton CAN"]
[Date "2005.07.10"]
[Round "3.37"]
[White "Barber, Glen"]
[Black "Chi, Jonathan"]
[Result "1/2-1/2"]
[WhiteElo "2005"]
[BlackElo "1744"]
[PlyCount "56"]
[GameId "2160767910901504"]
[EventDate "2005.07.09"]
[EventType "swiss"]
[EventRounds "10"]
[EventCountry "CAN"]

1. d4 Nf6 2. c4 e6 3. Nc3 Bb4 4. e3 O-O 5. Bd3 b6 6. Nge2 Bb7 7. O-O Bxc3 8. Nxc3 d6 9. e4 h6 10. e5 Nfd7 11. Qe2 Qe7 12. Bf4 Nc6 13. exd6 cxd6 14. Nb5 e5 15. Rfe1 a6 16. Nc7 Nxd4 17. Qd2 Rac8 18. Nd5 Bxd5 19. cxd5 Nc5 20. Be3 Nxd3 21. Qxd3 Nc2 22. Qxa6 Nxa1 23. Rxa1 Qc7 24. Bxb6 Qc1+ 25. Rxc1 Rxc1+ 26. Qf1 Rxf1+ 27. Kxf1 Rc8 28. b4 Rc2 1/2-1/2

[Event "CAN-op"]
[Site "Edmonton CAN"]
[Date "2005.07.10"]
[Round "3.38"]
[White "Caron, Harvey"]
[Black "Schulz, Waldemar"]
[Result "1/2-1/2"]
[WhiteElo "1741"]
[BlackElo "2056"]
[PlyCount "75"]
[GameId "2160767910901505"]
[EventDate "2005.07.09"]
[EventType "swiss"]
[EventRounds "10"]
[EventCountry "CAN"]

1. e4 c5 2. Nf3 e6 3. d4 cxd4 4. Nxd4 Nf6 5. Bd3 Nc6 6. Nxc6 bxc6 7. O-O Qc7 8. Re1 e5 9. c4 Be7 10. Be3 d6 11. f3 O-O 12. Nc3 Be6 13. Rc1 Qa5 14. Qe2 Nd7 15. Bd2 Qb6+ 16. Be3 Qb7 17. Red1 Rfd8 18. b3 Nf8 19. Qf2 Ng6 20. g3 Bf8 21. Kh1 Ne7 22. Kg2 g6 23. Bg5 Bg7 24. g4 f6 25. Be3 Rd7 26. Bb1 Rad8 27. Kg1 Kh8 28. Kg2 d5 29. cxd5 cxd5 30. exd5 Nxd5 31. Nxd5 Bxd5 32. Rf1 Qb4 33. Kg1 Qb7 34. h3 Bf8 35. Kh2 Bd6 36. Kg1 Bb8 37. Kg2 Kg7 38. Rfe1 1/2-1/2

[Event "CAN-op"]
[Site "Edmonton CAN"]
[Date "2005.07.10"]
[Round "3.39"]
[White "Fairbairn, Stephen"]
[Black "Me, Kevin"]
[Result "1/2-1/2"]
[WhiteElo "2022"]
[BlackElo "1737"]
[PlyCount "124"]
[GameId "2160767910901506"]
[EventDate "2005.07.09"]
[EventType "swiss"]
[EventRounds "10"]
[EventCountry "CAN"]

1. Nf3 d5 2. g3 Nf6 3. Bg2 e6 4. d4 Bd6 5. O-O h6 6. c4 c6 7. b3 Nbd7 8. Bb2 O-O 9. Qc2 a5 10. Nc3 b6 11. e4 dxe4 12. Nxe4 Nxe4 13. Qxe4 Bb7 14. Rac1 Nf6 15. Qe2 Re8 16. Rfd1 Qe7 17. Ne5 Bxe5 18. Qxe5 a4 19. Re1 Ra5 20. Qe3 axb3 21. axb3 Ra6 22. Rcd1 Rd8 23. Qc3 Qf8 24. Qf3 Ne8 25. Qe3 Nc7 26. g4 Qe7 27. Qg3 b5 28. Qc3 Qf8 29. h4 bxc4 30. bxc4 Ra4 31. Ra1 Rda8 32. Rxa4 Rxa4 33. Ra1 Rxa1+ 34. Bxa1 Ne8 35. Bb2 Qe7 36. Qg3 Qd6 37. Qa3 Qxa3 38. Bxa3 Nf6 39. g5 hxg5 40. hxg5 Nd7 41. c5 e5 42. Bb2 exd4 43. Bxd4 f6 44. f4 f5 45. Bf1 g6 46. Kf2 Kf8 47. Bc4 Ke7 48. Ke3 Bc8 49. Bc3 Bb7 50. Ba5 Nf8 51. Kd4 Ne6+ 52. Ke5 Bc8 53. Bb6 Bd7 54. Bb3 Bc8 55. Ba7 Bd7 56. Bb8 Bc8 57. Bd6+ Kf7 58. Bc4 Bd7 59. Ba6 Ng7 60. Bc7 Ke7 61. Bd6+ Kf7 62. Bc7 Ke7 1/2-1/2

[Event "CAN-op"]
[Site "Edmonton CAN"]
[Date "2005.07.10"]
[Round "3.40"]
[White "Goodman, Kevin"]
[Black "Tang, Edward"]
[Result "0-1"]
[WhiteElo "1740"]
[BlackElo "2022"]
[PlyCount "74"]
[GameId "2160767910901507"]
[EventDate "2005.07.09"]
[EventType "swiss"]
[EventRounds "10"]
[EventCountry "CAN"]

1. d4 Nf6 2. c4 g6 3. Nc3 Bg7 4. e4 d6 5. Nf3 O-O 6. Be2 e5 7. O-O Nc6 8. d5 Ne7 9. b4 Nh5 10. Ng5 Nf4 11. Bg4 f5 12. Bh3 h6 13. Ne6 Nxh3+ 14. gxh3 Bxe6 15. dxe6 fxe4 16. Nxe4 Nf5 17. Qg4 Qe8 18. e7 Nxe7 19. Kh1 Qc8 20. Qg2 Qe6 21. Be3 Nf5 22. Rg1 g5 23. Qg4 Qf7 24. Ng3 Nxe3 25. fxe3 Qf3+ 26. Rg2 Rf7 27. Qe6 Qf6 28. Qd5 c6 29. Qe4 Qf3 30. Qg6 Rf6 31. Qd3 e4 32. Qd2 Raf8 33. Rf1 Qxf1+ 34. Nxf1 Rxf1+ 35. Rg1 Be5 36. Rxf1 Rxf1+ 37. Kg2 Rb1 0-1

[Event "CAN-op"]
[Site "Edmonton CAN"]
[Date "2005.07.10"]
[Round "3.41"]
[White "Steininger, Gavin"]
[Black "Marshall, Jim"]
[Result "1-0"]
[WhiteElo "2011"]
[BlackElo "1726"]
[PlyCount "49"]
[GameId "2160767910901508"]
[EventDate "2005.07.09"]
[EventType "swiss"]
[EventRounds "10"]
[EventCountry "CAN"]

1. e4 c5 2. Nf3 Nc6 3. d4 cxd4 4. Nxd4 g6 5. Nc3 Bg7 6. Be3 Nf6 7. Bc4 O-O 8. Bb3 a5 9. f3 d5 10. exd5 Nb4 11. Ndb5 a4 12. Nxa4 Nbxd5 13. Bd2 Bd7 14. Nac3 Nxc3 15. Nxc3 Qb6 16. Qe2 e6 17. Be3 Qb4 18. O-O Ra5 19. Qd2 Bc6 20. Rad1 Nd5 21. Nxd5 Qxd2 22. Ne7+ Kh8 23. Bxd2 Ra6 24. Nxc6 Rxc6 25. Bb4 1-0

[Event "CAN-op"]
[Site "Edmonton CAN"]
[Date "2005.07.10"]
[Round "3.42"]
[White "Trandafir, Stefan"]
[Black "Davies, Noam"]
[Result "0-1"]
[WhiteElo "1731"]
[BlackElo "2008"]
[PlyCount "84"]
[GameId "2160767910901509"]
[EventDate "2005.07.09"]
[EventType "swiss"]
[EventRounds "10"]
[EventCountry "CAN"]

1. e4 c5 2. d4 cxd4 3. c3 dxc3 4. Nxc3 e6 5. Bc4 a6 6. Nf3 b5 7. Bb3 Qc7 8. O-O Bb7 9. Qe2 d6 10. Rd1 Nf6 11. a3 Nbd7 12. Bf4 Be7 13. Rac1 Qb6 14. Rd2 O-O 15. Rcd1 e5 16. Bg5 Rfd8 17. Nh4 g6 18. Qf3 Kg7 19. g4 h6 20. Bxf6+ Nxf6 21. Ng2 b4 22. Nd5 Bxd5 23. Bxd5 Rab8 24. Ne3 Rdc8 25. h4 bxa3 26. bxa3 Nxd5 27. Nxd5 Qd8 28. Nxe7 Qxe7 29. Rxd6 Qxh4 30. Rxa6 Rb2 31. Ra7 Rf8 32. a4 Rxf2 33. Qxf2 Qxg4+ 34. Kh2 Qh5+ 35. Kg2 Qxd1 36. a5 Qg4+ 37. Kh2 Qxe4 38. a6 Qf4+ 39. Qxf4 exf4 40. Rb7 Rc8 41. a7 Rc2+ 42. Kg1 Ra2 0-1

[Event "CAN-op"]
[Site "Edmonton CAN"]
[Date "2005.07.10"]
[Round "3.43"]
[White "Wihnon, Jason"]
[Black "Olson, Hans"]
[Result "1/2-1/2"]
[WhiteElo "1723"]
[BlackElo "2002"]
[PlyCount "63"]
[GameId "2160767910901510"]
[EventDate "2005.07.09"]
[EventType "swiss"]
[EventRounds "10"]
[EventCountry "CAN"]

1. e4 e5 2. Nf3 Nc6 3. Bb5 a6 4. Bxc6 dxc6 5. O-O Bg4 6. h3 h5 7. d3 Bxf3 8. Qxf3 Qd7 9. Nd2 f6 10. Nc4 O-O-O 11. Be3 Kb8 12. c3 g5 13. g4 hxg4 14. Qxg4 Qxg4+ 15. hxg4 Nh6 16. f3 Rxd3 17. Rad1 Rxd1 18. Rxd1 Kc8 19. Nd2 Nf7 20. Nf1 Be7 21. Ng3 Nd6 22. b3 b6 23. Kg2 c5 24. c4 c6 25. Nf5 Nxf5 26. exf5 Kc7 27. Bf2 Rd8 28. Rxd8 Bxd8 29. Kf1 Be7 30. Ke2 b5 31. Kd3 b4 32. Ke4 1/2-1/2